Evaluations of US poetry since 1950 /

Bibliographic Details
Other Authors: Von Hallberg, Robert, 1946- (Editor), Faggen, Robert (Editor)
Format: Book
Language:English
Published: Albuquerque, New Mexico : University of New Mexico Press, [2021].
Subjects:

MARC

Tag First Indicator Second Indicator Subfields
LEADER 00000cam a2200000Ii 4500
001 in00004549721
003 OCoLC
005 20220201153408.2
008 210803t20212021nmu b 001 0 eng d
035 |a (OCoLC)1287121219 
040 |a SHS  |e rda  |c SHS  |d COO  |d YDX 
020 |a 9780826363138  |q paperback  |q volume 1 
020 |a 082636313X  |q paperback  |q volume 1 
020 |a 9780826363152  |q paperback  |q volume 2 
020 |a 0826363156  |q paperback  |q volume 2 
050 4 |a PS325  |b .E93 2021 
082 0 |a 811/.5409  |2 23 
245 0 0 |a Evaluations of US poetry since 1950 /  |c edited by Robert von Hallberg and Robert Faggen. 
264 1 |a Albuquerque, New Mexico :  |b University of New Mexico Press,  |c [2021]. 
264 4 |c ©2021. 
300 |a 2 volumes ;  |c 23 cm. 
336 |a text  |b txt  |2 rdacontent 
337 |a unmediated  |b n  |2 rdamedia 
338 |a volume  |b nc  |2 rdacarrier 
504 |a Includes bibliographical references and index. 
505 0 |a Volume 1. Language, form, and music -- volume 2. Mind, nation, and power. 
650 0 |a American poetry  |y 20th century  |x History and criticism. 
650 0 |a American poetry  |y 21st century  |x History and criticism. 
700 1 |a Von Hallberg, Robert,  |d 1946-  |e editor. 
700 1 |a Faggen, Robert,  |e editor. 
945 |b 132385 
947 |a A14851691817 
948 |a dmitchel 2/1/22 9.30.20 
980 |b print  |c 40030865184  |f NONFIC/B  |g 565714  |k USD  |m 34.95  |q 1  |s AcqMono Conventional  |t Approval plan  |u Vendor order reference number  |v ZYBP  |y Print approval  |z Physical resource 
993 |a vol. 1 
999 f f |i 3476efa7-9fe6-4001-9ea6-3bbf24a4eb7e  |s bb5c57d5-d466-4532-a774-a02b65a4a3c6  |t 0 
952 f f |p normal  |a Texas A&M University  |b College Station  |c Sterling C. Evans Library  |s Evans stk  |d Evans: Library Stacks  |t 0  |e PS325 .E93 2021  |h Library of Congress classification  |i unmediated -- volume  |k v.2  |m A14851682923 
952 f f |p normal  |a Texas A&M University  |b College Station  |c Sterling C. Evans Library  |s Evans stk  |d Evans: Library Stacks  |t 0  |e PS325 .E93 2021  |h Library of Congress classification  |i unmediated -- volume  |k v.1  |m A14851691817